[Event "Arco op-A 39th"]
[Site "Arco"]
[Date "2017.10.11"]
[Round "5"]
[White "Popa, Claudio"]
[Black "Antoniacci, Ricardo"]
[Result "0-1"]
[WhiteElo "2088"]
[BlackElo "1897"]
[PlyCount "128"]
[EventDate "2017.10.07"]
[EventType "swiss"]
[EventRounds "9"]
[EventCountry "ITA"]
[SourceTitle "CBM 181 Extra"]
[Source "ChessBase"]
[SourceDate "2017.12.12"]
[SourceVersion "1"]
[SourceVersionDate "2017.12.12"]
[SourceQuality "1"]

1. e4 e5 2. Nf3 Nc6 3. Nc3 Nf6 4. d4 exd4 5. Nxd4 Bb4 6. Nxc6 bxc6 7. Bd3 0-0 8. 0-0 Re8 9. Qf3 Rb8 10. Bg5 Be7 11. b3 d5 12. exd5 cxd5 13. Bb5 Bd7 14. Bxd7 Qxd7 15. Rad1 c6 16. Bf4 Bd6 17. Rfe1 Qc7 18. Bxd6 Qxd6 19. a4 Re6 20. Re2 Rbe8 21. Rde1 Qe7 22. h3 Nd7 23. Qf4 Qc5 24. Qd2 Qb4 25. Kf1 Ne5 26. Ne4 Qxd2 27. Nxd2 g5 28. f3 Ng6 29. Rxe6 fxe6 30. g3 Kf7 31. Kf2 h5 32. Nf1 e5 33. Ne3 Kf6 34. Ng2 Rf8 35. Ne3 Ke6 36. Kg2 d4 37. Nc4 Kd5 38. Nd2 h4 39. Ne4 hxg3 40. Kxg3 Nh4 41. Nxg5 Nf5+ 42. Kf2 Rg8 43. Ne4 Rh8 44. Rh1 c5 45. c4+ Kc6 46. Ke2 Rb8 47. Rb1 a5 48. Nf2 Nd6 49. Ne4 Nxe4 50. fxe4 Rh8 51. Rh1 Rh4 52. Kf3 Kd6 53. Kg3 Rxe4 54. h4 Re3+ 55. Kg4 Rxb3 56. h5 e4 57. h6 Rb8 58. h7 Rh8 59. Kf5 e3 60. Ke4 e2 61. Kd3 Rxh7 62. Re1 Rh3+ 63. Kd2 d3 64. Rg1 Rf3 0-1

[Event "Arco op-A 39th"]
[Site "Arco"]
[Date "2017.10.10"]
[Round "4"]
[White "Okhotnik, Vladimir"]
[Black "Popa, Claudio"]
[Result "1-0"]
[WhiteElo "2432"]
[BlackElo "2088"]
[PlyCount "69"]
[EventDate "2017.10.07"]
[EventType "swiss"]
[EventRounds "9"]
[EventCountry "ITA"]
[SourceTitle "CBM 181 Extra"]
[Source "ChessBase"]
[SourceDate "2017.12.12"]
[SourceVersion "1"]
[SourceVersionDate "2017.12.12"]
[SourceQuality "1"]

1. c4 e6 2. e4 d5 3. exd5 exd5 4. d4 Nf6 5. Nc3 c6 6. Nf3 Be7 7. Bd3 0-0 8. cxd5 cxd5 9. 0-0 Nc6 10. h3 b6 11. Re1 Bb7 12. a3 Re8 13. Bf4 g6 14. Bg5 Nh5 15. Bh6 Qd6 16. Nb5 Qd7 17. Ne5 Nxe5 18. dxe5 a6 19. Nd4 Ng7 20. b4 Bf8 21. Bc2 Ne6 22. Bxf8 Nxf8 23. f4 Rac8 24. Re3 Rc7 25. f5 Rec8 26. Qd2 Qd8 27. Rg3 Kh8 28. Qh6 Rxc2 29. f6 Ne6 30. Nxe6 Qg8 31. Nd4 R2c3 32. Rxc3 Rxc3 33. e6 fxe6 34. f7 Qxf7 35. Rf1 1-0

[Event "Arco op-A 39th"]
[Site "Arco"]
[Date "2017.10.08"]
[Round "2"]
[White "Molnar, Bela"]
[Black "Popa, Claudio"]
[Result "1-0"]
[WhiteElo "2290"]
[BlackElo "2088"]
[PlyCount "51"]
[EventDate "2017.10.07"]
[EventType "swiss"]
[EventRounds "9"]
[EventCountry "ITA"]
[SourceTitle "CBM 181 Extra"]
[Source "ChessBase"]
[SourceDate "2017.12.12"]
[SourceVersion "1"]
[SourceVersionDate "2017.12.12"]
[SourceQuality "1"]

1. d4 d5 2. c4 e6 3. Nc3 Nf6 4. cxd5 exd5 5. Bg5 Be7 6. e3 c6 7. Bd3 0-0 8. Qc2 Nbd7 9. Nge2 Re8 10. 0-0 Nf8 11. f3 Nh5 12. Bxe7 Qxe7 13. e4 dxe4 14. fxe4 Qg5 15. Kh1 Ng6 16. e5 Bg4 17. Ne4 Qe3 18. Nd6 Re7 19. Rae1 Qh6 20. Qb3 Be6 21. Bc4 Qg5 22. Nxf7 Bxf7 23. Bxf7+ Kh8 24. Bxg6 Qxg6 25. Qf3 Kg8 26. g4 1-0

[Event "Arco op 38th"]
[Site "Arco"]
[Date "2016.10.15"]
[Round "8"]
[White "Di Lazzaro, Gabriele"]
[Black "Popa, Claudio"]
[Result "0-1"]
[WhiteElo "1960"]
[BlackElo "2099"]
[PlyCount "88"]
[EventDate "2016.10.08"]
[EventType "swiss"]
[EventRounds "9"]
[EventCountry "ITA"]
[SourceTitle "EXT 2017"]
[Source "ChessBase"]
[SourceDate "2016.10.25"]
[SourceVersion "1"]
[SourceVersionDate "2016.10.25"]
[SourceQuality "1"]

1. d4 d5 2. Nc3 Nf6 3. Bg5 Nbd7 4. Nf3 c6 5. g3 h6 6. Bd2 e6 7. Bg2 Bd6 8. 0-0 0-0 9. Re1 Ne4 10. Nxe4 dxe4 11. Ne5 Nxe5 12. dxe5 Bxe5 13. c3 f5 14. Qc2 Qc7 15. Red1 b6 16. e3 Ba6 17. c4 Rad8 18. Rac1 Rf7 19. b3 Rfd7 20. Bf1 c5 21. Be1 Bb7 22. Rxd7 Rxd7 23. Rd1 Qd8 24. Rxd7 Qxd7 25. Be2 Bc6 26. Qd1 Qxd1 27. Bxd1 g5 28. Bd2 Kg7 29. h3 Kf6 30. Kf1 Kg6 31. Kg1 Bd6 32. g4 f4 33. a4 a5 34. Kf1 Be5 35. f3 fxe3 36. Bxe3 Bd4 37. Kf2 Kf6 38. fxe4 Bxe4 39. Bxd4+ cxd4 40. Kg3 Ke5 41. h4 d3 42. hxg5 hxg5 43. Bf3 Bxf3 44. Kxf3 Kd4 0-1

[Event "Arco op 38th"]
[Site "Arco"]
[Date "2016.10.12"]
[Round "5"]
[White "Popa, Claudio"]
[Black "Cluyts, Marc"]
[Result "1/2-1/2"]
[WhiteElo "2099"]
[BlackElo "2011"]
[PlyCount "58"]
[EventDate "2016.10.08"]
[EventType "swiss"]
[EventRounds "9"]
[EventCountry "ITA"]
[SourceTitle "EXT 2017"]
[Source "ChessBase"]
[SourceDate "2016.10.25"]
[SourceVersion "1"]
[SourceVersionDate "2016.10.25"]
[SourceQuality "1"]

1. e4 e5 2. Nf3 Nc6 3. Nc3 Nf6 4. d4 exd4 5. Nxd4 Bc5 6. Nxc6 bxc6 7. Bd3 d5 8. exd5 cxd5 9. 0-0 0-0 10. Bg5 c6 11. Na4 Bd6 12. c4 Be6 13. Rc1 Rc8 14. b3 h6 15. Bh4 d4 16. c5 Bf4 17. Rc2 g5 18. Bg3 Qc7 19. Bxf4 Qxf4 20. g3 Qc7 21. Qf3 Kg7 22. Nb2 Bg4 23. Qg2 Qd7 24. Re1 Bh3 25. Qf3 Bg4 26. Qg2 Rfe8 27. Rcc1 Bh3 28. Qf3 Bg4 29. Qg2 Bh3 1/2-1/2

[Event "Arco op 37th"]
[Site "Arco"]
[Date "2015.10.14"]
[Round "5"]
[White "Davies, Peter L"]
[Black "Popa, Claudio"]
[Result "1/2-1/2"]
[WhiteElo "1997"]
[BlackElo "2113"]
[PlyCount "63"]
[EventDate "2015.10.10"]
[EventType "swiss"]
[EventRounds "9"]
[EventCountry "ITA"]
[SourceTitle "CBM 168 Extra"]
[Source "ChessBase"]
[SourceDate "2015.10.29"]
[SourceVersion "1"]
[SourceVersionDate "2015.10.29"]
[SourceQuality "1"]

1. c4 e6 2. e4 d5 3. exd5 exd5 4. cxd5 Nf6 5. Nc3 Nxd5 6. d4 Bb4 7. Bd2 0-0 8. Nf3 c6 9. Be2 Nxc3 10. bxc3 Bd6 11. 0-0 Qc7 12. h3 Bf5 13. c4 Nd7 14. Bc3 Rfe8 15. Bd3 Bg6 16. Qc2 Be7 17. Rac1 Bf6 18. Rfd1 Rad8 19. Bxg6 hxg6 20. Qb2 Re4 21. Re1 Rde8 22. Rxe4 Rxe4 23. Qd2 Qf4 24. Qxf4 Rxf4 25. Bd2 Re4 26. Be3 Nb6 27. Nd2 Re7 28. g4 Rd7 29. Nf3 Rc7 30. Bf4 Rd7 31. Be3 Rc7 32. Bf4 1/2-1/2

[Event "Forni di Sopra op 6th"]
[Site "Forni di Sopra"]
[Date "2015.06.14"]
[Round "2"]
[White "Zamengo, Fulvio"]
[Black "Popa, Claudio"]
[Result "1-0"]
[WhiteElo "2271"]
[BlackElo "2098"]
[PlyCount "107"]
[EventDate "2015.06.13"]
[EventType "swiss"]
[EventRounds "9"]
[EventCountry "ITA"]
[SourceTitle "CBM 167 Extra"]
[Source "ChessBase"]
[SourceDate "2015.09.14"]
[SourceVersion "1"]
[SourceVersionDate "2015.09.14"]
[SourceQuality "1"]

1. e4 e5 2. Nf3 Nc6 3. Bb5 a6 4. Ba4 Nf6 5. 0-0 Be7 6. Re1 b5 7. Bb3 d6 8. c3 Na5 9. Bc2 c5 10. h3 0-0 11. d4 Qc7 12. Nbd2 Bd7 13. Nf1 Rac8 14. d5 Rfe8 15. b3 Nb7 16. g4 g6 17. Ng3 Kg7 18. Be3 Ng8 19. Kg2 f6 20. Qe2 Qa5 21. a4 bxa4 22. bxa4 Ra8 23. Nd2 Qc7 24. Bd3 a5 25. Reb1 Reb8 26. Bb5 Nd8 27. Nc4 Bc8 28. Rb2 Ra7 29. Rab1 Nh6 30. Qd2 Nhf7 31. f3 Bf8 32. h4 Be7 33. Rh1 h6 34. Qc1 Rab7 35. Kg1 Kh7 36. Rg2 Bd7 37. Na3 Bf8 38. g5 Bg7 39. Qd2 h5 40. Bxd7 Qxd7 41. Nb5 Nh8 42. c4 Ra8 43. f4 exf4 44. Bxf4 Ndf7 45. Qe2 fxg5 46. hxg5 Kg8 47. Nxh5 gxh5 48. Qxh5 Bd4+ 49. Kf1 Nd8 50. g6 Rxb5 51. cxb5 Qg7 52. Qh7+ Qxh7 53. gxh7+ Kf7 54. Rg8 1-0

[Event "Arco Pasqua op 2nd"]
[Site "Arco"]
[Date "2015.04.08"]
[Round "2"]
[White "Popa, Claudio"]
[Black "Blasco, Domenico"]
[Result "0-1"]
[WhiteElo "2114"]
[BlackElo "1855"]
[PlyCount "69"]
[EventDate "2015.04.07"]
[EventType "swiss"]
[EventRounds "7"]
[EventCountry "ITA"]
[SourceTitle "EXT 2017"]
[Source "ChessBase"]
[SourceDate "2016.10.25"]
[SourceVersion "1"]
[SourceVersionDate "2016.10.25"]
[SourceQuality "1"]

1. e4 g6 2. d4 Bg7 3. c3 d6 4. f4 Nf6 5. Bd3 0-0 6. Nf3 c5 7. 0-0 cxd4 8. cxd4 Nc6 9. Nc3 Qb6 10. Na4 Qd8 11. h3 a6 12. Be3 b5 13. d5 Nb4 14. Nb6 Nxd3 15. Qxd3 Rb8 16. Nxc8 Rxc8 17. Nd4 Qd7 18. Rac1 e6 19. Nc6 exd5 20. exd5 Rfe8 21. Bf2 Ne4 22. Bd4 Bxd4+ 23. Qxd4 Ng3 24. Qf6 Ne2+ 25. Kh2 Nxc1 26. Rxc1 Ra8 27. g4 Re3 28. b4 Rae8 29. Rg1 Rd3 30. f5 Re2+ 31. Rg2 Rxg2+ 32. Kxg2 Re3 33. fxg6 hxg6 34. Qf4 Qe8 35. Qxd6 0-1

[Event "Arco op 36th"]
[Site "Arco"]
[Date "2014.10.07"]
[Round "4"]
[White "Popa, Claudio"]
[Black "Joerges, Frank"]
[Result "1/2-1/2"]
[WhiteElo "2119"]
[BlackElo "1949"]
[PlyCount "67"]
[EventDate "2014.10.04"]
[EventType "swiss"]
[EventRounds "9"]
[EventCountry "ITA"]
[SourceTitle "EXT 2016"]
[Source "ChessBase"]
[SourceDate "2015.10.08"]
[SourceVersion "1"]
[SourceVersionDate "2015.10.08"]
[SourceQuality "1"]

1. e4 d5 2. exd5 Qxd5 3. Nc3 Qd6 4. d4 Nf6 5. Be2 a6 6. Bf3 h6 7. h4 Nc6 8. Nge2 Bf5 9. Bf4 Qd7 10. a3 e6 11. Qd2 0-0-0 12. 0-0-0 Bd6 13. Bxd6 Qxd6 14. Qe3 Nd5 15. Nxd5 exd5 16. Nf4 Rhe8 17. Qd2 Be4 18. Rh3 Bxf3 19. Rxf3 Re4 20. Ne2 Rde8 21. Re3 Rxe3 22. fxe3 Qe7 23. Nf4 Qxe3 24. Qxe3 Rxe3 25. c3 Ne7 26. Rf1 f5 27. Kd2 Re4 28. h5 c6 29. g3 Kd7 30. Nd3 b6 31. Nf2 Re6 32. Nd3 Re4 33. Nf2 Re6 34. Nd3 1/2-1/2

[Event "Arco op 36th"]
[Site "Arco"]
[Date "2014.10.06"]
[Round "3"]
[White "Olivetti, Davide"]
[Black "Popa, Claudio"]
[Result "1/2-1/2"]
[WhiteElo "1936"]
[BlackElo "2119"]
[PlyCount "45"]
[EventDate "2014.10.04"]
[EventType "swiss"]
[EventRounds "9"]
[EventCountry "ITA"]
[SourceTitle "EXT 2016"]
[Source "ChessBase"]
[SourceDate "2015.10.08"]
[SourceVersion "1"]
[SourceVersionDate "2015.10.08"]
[SourceQuality "1"]

1. e4 e5 2. Nf3 Nf6 3. Bc4 Nxe4 4. Nc3 Nd6 5. Bb3 Nc6 6. 0-0 Be7 7. Re1 e4 8. Nxe4 Nxe4 9. Rxe4 0-0 10. d4 d5 11. Re1 Bg4 12. c3 Bf6 13. Qd3 Ne7 14. Bf4 c6 15. Ne5 Bf5 16. Qd2 Ng6 17. Nxg6 hxg6 18. Bc2 Bxc2 19. Qxc2 Re8 20. Qd2 Qd7 21. h3 Rxe1+ 22. Rxe1 Re8 23. Rxe8+ 1/2-1/2

[Event "Merano Gold Cup 42nd"]
[Site "Merano"]
[Date "2014.04.26"]
[Round "2"]
[White "Popa, Claudio"]
[Black "Alvarez, Luis"]
[Result "1-0"]
[WhiteElo "2105"]
[BlackElo "1885"]
[PlyCount "85"]
[EventDate "2014.04.25"]
[EventType "swiss"]
[EventRounds "9"]
[EventCountry "ITA"]
[SourceTitle "EXT 2015"]
[Source "ChessBase"]
[SourceDate "2014.11.20"]
[SourceVersion "1"]
[SourceVersionDate "2014.11.20"]
[SourceQuality "1"]

1. e4 c5 2. c3 d5 3. exd5 Qxd5 4. d4 g6 5. Nf3 Bg7 6. Be3 cxd4 7. cxd4 Nf6 8. Nc3 Qa5 9. Bc4 0-0 10. 0-0 Nc6 11. a3 e6 12. b4 Qd8 13. h3 a6 14. Ne5 Qc7 15. Nxc6 Qxc6 16. Qb3 b5 17. Be2 Qd7 18. a4 bxa4 19. Nxa4 Nd5 20. Nc5 Qd6 21. Qc4 Nc7 22. Bf3 Rb8 23. Ne4 Qe7 24. Bg5 Qd7 25. Bf4 e5 26. Bxe5 Bxe5 27. dxe5 Qe7 28. Qc5 Qxc5 29. bxc5 Ne6 30. Rfd1 Kg7 31. Rac1 Nc7 32. Nd6 Be6 33. Bb7 f6 34. f4 fxe5 35. fxe5 Rf4 36. Ra1 Rb4 37. Bxa6 Nxa6 38. Rxa6 Kh6 39. c6 Rb1 40. Ra1 Rxd1+ 41. Rxd1 Rb2 42. Rc1 Bd5 43. c7 1-0

[Event "Arco Pasqua op 1st"]
[Site "Arco"]
[Date "2014.04.12"]
[Round "7"]
[White "Gromovs, Sergejs"]
[Black "Popa, Claudio"]
[Result "1-0"]
[WhiteElo "2220"]
[BlackElo "2105"]
[PlyCount "75"]
[EventDate "2014.04.06"]
[EventType "swiss"]
[EventRounds "7"]
[EventCountry "ITA"]
[SourceTitle "CBM 160 Extra"]
[Source "ChessBase"]
[SourceDate "2014.07.01"]
[SourceVersion "1"]
[SourceVersionDate "2014.07.01"]
[SourceQuality "1"]

1. d4 d5 2. Nf3 e6 3. c4 c6 4. Nc3 Be7 5. e4 dxe4 6. Nxe4 Nf6 7. Nc3 0-0 8. Bg5 Nbd7 9. Qd2 Re8 10. Be2 Nf8 11. 0-0-0 Ng4 12. Bxe7 Qxe7 13. Bd3 a5 14. h3 Nf6 15. g4 Qc7 16. Ne5 N6d7 17. f4 f6 18. Nf3 a4 19. Kb1 Qa5 20. h4 Qb4 21. a3 Qa5 22. h5 Rb8 23. h6 g6 24. f5 exf5 25. gxf5 gxf5 26. Nh4 Ng6 27. Nxg6 hxg6 28. h7+ Kh8 29. Qh6 Nf8 30. Qg7+ Kxg7 31. h8Q+ Kf7 32. Rh7+ Nxh7 33. Qxh7+ Kf8 34. Qxg6 Qd8 35. Rg1 Ke7 36. Qh7+ Ke6 37. Re1+ Kd6 38. c5# 1-0

[Event "Arco Pasqua op 1st"]
[Site "Arco"]
[Date "2014.04.11"]
[Round "6"]
[White "Popa, Claudio"]
[Black "Poletti, Fausto"]
[Result "1-0"]
[WhiteElo "2105"]
[BlackElo "1896"]
[PlyCount "49"]
[EventDate "2014.04.06"]
[EventType "swiss"]
[EventRounds "7"]
[EventCountry "ITA"]
[SourceTitle "CBM 160 Extra"]
[Source "ChessBase"]
[SourceDate "2014.07.01"]
[SourceVersion "1"]
[SourceVersionDate "2014.07.01"]
[SourceQuality "1"]

1. e4 c5 2. c3 Nf6 3. e5 Nd5 4. d4 cxd4 5. cxd4 e6 6. Nf3 d6 7. Bc4 Nb6 8. Bd3 Nc6 9. Nc3 Nb4 10. Bb1 dxe5 11. Nxe5 N4d5 12. 0-0 Be7 13. Qh5 g6 14. Qf3 f6 15. Nd3 0-0 16. Re1 Re8 17. Ne4 Nc4 18. Nec5 Bf8 19. b3 Nd6 20. Bb2 Bg7 21. a3 b6 22. Nxe6 Bxe6 23. Rxe6 Rxe6 24. Qxd5 Qe8 25. Nf4 1-0

[Event "Arco op 35th"]
[Site "Arco"]
[Date "2013.10.19"]
[Round "8"]
[White "Popa, Claudio"]
[Black "Hilbenz, Guntram"]
[Result "0-1"]
[WhiteElo "2136"]
[BlackElo "1909"]
[PlyCount "118"]
[EventDate "2013.10.12"]
[EventType "swiss"]
[EventRounds "9"]
[EventCountry "ITA"]
[SourceTitle "EXT 2014"]
[Source "ChessBase"]
[SourceDate "2013.11.20"]
[SourceVersion "1"]
[SourceVersionDate "2013.11.20"]
[SourceQuality "1"]

1. e4 d6 2. d4 Nf6 3. Bd3 e5 4. c3 d5 5. dxe5 Nxe4 6. Nf3 Nc6 7. Nbd2 Nc5 8. Bb1 Bg4 9. b4 Nd7 10. Qa4 Bh5 11. 0-0 Be7 12. Qb5 0-0 13. Re1 Nb6 14. Qd3 Bg6 15. Qe3 Bxb1 16. Rxb1 Qd7 17. Bb2 Qe6 18. a3 a6 19. Qf4 Nc4 20. Nb3 Rae8 21. Nbd4 Nxd4 22. Nxd4 Qg6 23. Qg3 Qxg3 24. hxg3 c6 25. Bc1 Bd8 26. f4 Bb6 27. a4 f6 28. e6 Bxd4+ 29. cxd4 f5 30. b5 axb5 31. axb5 Rf6 32. bxc6 bxc6 33. e7 Kf7 34. Kf2 Re6 35. Rxe6 Kxe6 36. Ra1 Rxe7 37. Ra6 Kd6 38. Ba3+ Nxa3 39. Rxa3 h5 40. Ra8 g6 41. Rg8 Re6 42. Rg7 c5 43. dxc5+ Kxc5 44. Ra7 d4 45. Ra5+ Kc4 46. Ra4+ Kd3 47. Ra3+ Kc2 48. Ra2+ Kb3 49. Ra8 d3 50. Rd8 Kc2 51. Rc8+ Kd1 52. Rd8 d2 53. Rc8 Re4 54. Rc7 Ra4 55. Rc8 Ra1 56. Rc6 Rc1 57. Ra6 Kc2 58. Ra2+ Kd3 59. Ra3+ Kc4 0-1

[Event "Merano Gold Cup 41st"]
[Site "Merano"]
[Date "2013.04.??"]
[Round "1"]
[White "Popa, Claudio"]
[Black "Borries, Barbara"]
[Result "1-0"]
[WhiteElo "2149"]
[BlackElo "1833"]
[PlyCount "41"]
[EventDate "2013.04.19"]
[EventType "swiss"]
[EventRounds "9"]
[EventCountry "ITA"]
[SourceTitle "EXT 2015"]
[Source "ChessBase"]
[SourceDate "2014.11.20"]
[SourceVersion "1"]
[SourceVersionDate "2014.11.20"]
[SourceQuality "1"]

1. e4 e5 2. Nf3 Nc6 3. d4 exd4 4. Nxd4 Qf6 5. Be3 Bc5 6. c3 Nge7 7. Bc4 Bxd4 8. cxd4 d6 9. 0-0 Qg6 10. f3 Bd7 11. Nc3 0-0-0 12. d5 Ne5 13. Bb5 Bxb5 14. Nxb5 a6 15. Nd4 Kb8 16. Rc1 c6 17. dxc6 N5xc6 18. Qb3 Nxd4 19. Bxd4 b5 20. Qa3 Kb7 21. Qa5 1-0

[Event "Merano Gold Cup 41st"]
[Site "Merano"]
[Date "2013.04.??"]
[Round "8"]
[White "Popa, Claudio"]
[Black "Spanton, Timothy"]
[Result "1-0"]
[WhiteElo "2149"]
[BlackElo "2022"]
[PlyCount "75"]
[EventDate "2013.04.19"]
[EventType "swiss"]
[EventRounds "9"]
[EventCountry "ITA"]
[SourceTitle "EXT 2015"]
[Source "ChessBase"]
[SourceDate "2014.11.20"]
[SourceVersion "1"]
[SourceVersionDate "2014.11.20"]
[SourceQuality "1"]

1. e4 e5 2. Nf3 Nc6 3. Nc3 Nf6 4. d4 exd4 5. Nxd4 Bb4 6. Nxc6 bxc6 7. Bd3 0-0 8. 0-0 d5 9. exd5 cxd5 10. Bg5 c6 11. Na4 h6 12. Bh4 Re8 13. c4 Be6 14. Rc1 Rb8 15. b3 Be7 16. Re1 Bb4 17. Rf1 Be7 18. cxd5 cxd5 19. Nc5 Bg4 20. f3 Bh5 21. Bf2 Qa5 22. Rc2 Bd6 23. Qd2 Qxd2 24. Rxd2 Bf4 25. Rc2 Rbc8 26. Bd4 Be3+ 27. Bxe3 Rxe3 28. Bf5 Rce8 29. Kf2 R3e5 30. Bd3 d4 31. Rd1 Nd5 32. Rdd2 Ne3 33. Rc1 R8e7 34. g4 Bg6 35. Bxg6 fxg6 36. Rxd4 Nd5 37. Re4 Nb4 38. Rxb4 1-0

[Event "Arco op 34th"]
[Site "Arco"]
[Date "2012.10.18"]
[Round "6"]
[White "De Santis, Alessio"]
[Black "Popa, Claudio"]
[Result "1/2-1/2"]
[WhiteElo "2294"]
[BlackElo "2139"]
[PlyCount "226"]
[EventDate "2012.10.13"]
[EventType "swiss"]
[EventRounds "9"]
[EventCountry "ITA"]
[SourceTitle "EXT 2013"]
[Source "ChessBase"]
[SourceDate "2012.11.22"]
[SourceVersion "1"]
[SourceVersionDate "2012.11.22"]
[SourceQuality "1"]

1. Nf3 Nf6 2. c4 e6 3. Nc3 d5 4. e3 c5 5. cxd5 exd5 6. d4 Nc6 7. Be2 Bd6 8. dxc5 Bxc5 9. a3 a5 10. 0-0 0-0 11. Qc2 Qe7 12. Rd1 Rd8 13. Nb5 Ne4 14. Nfd4 Nxd4 15. exd4 Bb6 16. f3 Nd6 17. Bf4 Nxb5 18. Bxb5 Be6 19. Qd2 Rdc8 20. Rac1 Rxc1 21. Rxc1 Rc8 22. Rxc8+ Bxc8 23. Qc3 Bd7 24. Bf1 Qf6 25. Be3 h6 26. Be2 Qd6 27. g3 Qc6 28. Kf2 Qd6 29. Bf4 Qf6 30. Be3 Qd6 31. Bd1 Qc6 32. Bc2 Qxc3 33. bxc3 Bd8 34. Bb3 Be6 35. Bf4 b5 36. Bd6 g5 37. Ke3 Kg7 38. Bc5 Kf6 39. Bf8 h5 40. Bd6 Bb6 41. Ba2 Bd8 42. Bb3 Bb6 43. Ba2 Bd8 44. Kf2 Bb6 45. Kg2 Bd8 46. h3 Kg6 47. g4 hxg4 48. hxg4 f6 49. Kg3 Kf7 50. f4 gxf4+ 51. Kxf4 Be7 52. Bxe7 Kxe7 53. Bb1 Bd7 54. Bf5 Be8 55. Bc8 Bg6 56. Bf5 Be8 57. g5 fxg5+ 58. Ke5 Bf7 59. Bg4 Bg8 60. Be2 Be6 61. Bxb5 g4 62. Kf4 Kd6 63. Be2 Bd7 64. Bxg4 Bb5 65. Bh5 Ba6 66. Be8 Bc4 67. Ba4 Ba6 68. Kf5 Bf1 69. Kf4 Ba6 70. Ke3 Bf1 71. Bc2 Bh3 72. Bd3 Be6 73. Kd2 Bf7 74. Bb5 Be6 75. Kc2 Kc7 76. Kb3 Kb6 77. Be2 Bf7 78. Bf3 Be6 79. Be2 Bf7 80. c4 dxc4+ 81. Bxc4 Be8 82. Bd5 Kb5 83. Bc4+ Kb6 84. Bd3 Bf7+ 85. Kc3 Bd5 86. Bg6 Ba2 87. Be8 Bd5 88. Kd3 Kc7 89. Bb5 Ba2 90. Bc4 Bb1+ 91. Kc3 Kc6 92. Kd2 Bg6 93. Ke3 Kd6 94. Bd3 Bf7 95. Be4 Ba2 96. Kd2 Kc7 97. Kc3 Kb6 98. Bd3 Bf7 99. Bc4 Bg6 100. Be6 Bb1 101. Bf7 Kc7 102. Bb3 Bg6 103. Kc4 Bf7+ 104. Kc3 Bg6 105. Be6 Bb1 106. Kb3 Kb6 107. d5 Kc5 108. Ka4 Kb6 109. Kb3 Kc5 110. Bf7 Be4 111. d6 Kxd6 112. Ka4 Kc6 113. Kxa5 Kb7 1/2-1/2

[Event "Arco op 34th"]
[Site "Arco"]
[Date "2012.10.13"]
[Round "1"]
[White "Popa, Claudio"]
[Black "Overney, Luca"]
[Result "1-0"]
[WhiteElo "2139"]
[BlackElo "1788"]
[PlyCount "79"]
[EventDate "2012.10.13"]
[EventType "swiss"]
[EventRounds "9"]
[EventCountry "ITA"]
[SourceTitle "EXT 2013"]
[Source "ChessBase"]
[SourceDate "2012.11.22"]
[SourceVersion "1"]
[SourceVersionDate "2012.11.22"]
[SourceQuality "1"]

1. e4 Nf6 2. Nc3 d5 3. exd5 Nxd5 4. Bc4 Nb6 5. Bb3 c5 6. d3 Nc6 7. Nf3 e6 8. Bg5 Be7 9. Bxe7 Qxe7 10. 0-0 0-0 11. Re1 Qf6 12. Qc1 Nd4 13. Nxd4 Qxd4 14. Re4 Qf6 15. Qe3 Nd7 16. Rf4 Qg6 17. Ne4 b6 18. Nd6 Nf6 19. Nxc8 Raxc8 20. Qf3 Rc7 21. Re1 Rd8 22. Bc4 h6 23. a3 Kh7 24. d4 Kg8 25. Bd3 Qh5 26. Rxf6 Qxf3 27. Rxf3 Rxd4 28. Re4 Rcd7 29. Rxd4 Rxd4 30. Re3 c4 31. Re4 Rxe4 32. Bxe4 Kf8 33. c3 Ke7 34. Kf1 Kd6 35. Ke2 f5 36. Bc2 b5 37. Ke3 Kd5 38. f4 g5 39. h3 a6 40. Bd1 1-0

[Event "Forni di Sopra op 3rd"]
[Site "Forni di Sopra"]
[Date "2012.06.17"]
[Round "2"]
[White "Innocenti, Giovanni"]
[Black "Popa, Claudio"]
[Result "1-0"]
[WhiteElo "2021"]
[BlackElo "2146"]
[PlyCount "80"]
[EventDate "2012.06.16"]
[EventType "swiss"]
[EventRounds "9"]
[EventCountry "ITA"]
[SourceTitle "CBM 149 Extra"]
[Source "ChessBase"]
[SourceDate "2012.08.24"]
[SourceVersion "1"]
[SourceVersionDate "2012.08.24"]
[SourceQuality "1"]

1. e4 e5 2. Nf3 Nc6 3. d4 exd4 4. Nxd4 Nf6 5. Nxc6 bxc6 6. e5 Nd5 7. c4 Nb6 8. Bd3 Ba6 9. Qe2 Qh4 10. b3 Bb4+ 11. Bd2 Bxd2+ 12. Nxd2 0-0 13. Nf3 Qf4 14. Qd2 Qxd2+ 15. Kxd2 d5 16. exd6 cxd6 17. Nd4 Bb7 18. Be4 d5 19. cxd5 cxd5 20. Bf3 Rfd8 21. Rac1 Rac8 22. Bg4 Rxc1 23. Rxc1 Bc8 24. Bxc8 Rxc8 25. Rxc8+ Nxc8 26. Kc3 Nd6 27. f3 Kf8 28. Kb4 Ke8 29. Kc5 Kd7 30. Kxd5 Nc8 31. a4 Ne7+ 32. Kc5 Nc8 33. a5 Nd6 34. b4 g6 35. b5 Nb7+ 36. Kb4 Nd6 37. Nc6 Nc8 38. Kc5 Kc7 39. Nxa7 Nxa7 40. b6+ Kb7 1-0

[Event "Lido Adriano op 1st"]
[Site "Ravenna"]
[Date "2011.05.11"]
[Round "5"]
[White "Antoniacci, Ricardo"]
[Black "Popa, Claudio"]
[Result "0-1"]
[WhiteElo "1912"]
[BlackElo "2195"]
[PlyCount "74"]
[EventDate "2011.04.02"]
[EventType "swiss"]
[EventRounds "9"]
[EventCountry "ITA"]
[SourceTitle "EXT 2023"]
[Source "ChessBase"]
[SourceDate "2022.10.05"]
[SourceVersion "1"]
[SourceVersionDate "2022.10.05"]
[SourceQuality "1"]

1. e4 e5 2. f4 exf4 3. Nc3 Qh4+ 4. Ke2 Ne7 5. Nf3 Qg4 6. Kf2 d6 7. Be2 c6 8. d4 Ng6 9. Re1 Be7 10. Kg1 0-0 11. Ne5 Qh4 12. Nd3 Bg5 13. Bf3 Nd7 14. e5 dxe5 15. dxe5 Re8 16. e6 Rxe6 17. Rxe6 fxe6 18. Qe2 Nf6 19. Bd2 e5 20. Be1 Qh6 21. Rd1 Bf5 22. Nxe5 Nxe5 23. Qxe5 Bxc2 24. Rd6 Bg6 25. Re6 Bf7 26. Re7 Re8 27. Bf2 Rxe7 28. Qxe7 Ng4 29. Qc5 Nxh2 30. Qxa7 Nxf3+ 31. gxf3 Be7 32. Qxb7 Qg5+ 33. Kh2 Qh5+ 34. Kg2 Qg6+ 35. Kh2 Bf8 36. Qb8 Bc4 37. Ne4 Bf1 0-1

[Event "Ravenna Lido Adriano op 1st"]
[Site "Ravenna"]
[Date "2011.04.05"]
[Round "4"]
[White "Popa, Claudio"]
[Black "Piscopo, Pierluigi"]
[Result "0-1"]
[WhiteElo "2195"]
[BlackElo "2420"]
[PlyCount "75"]
[EventDate "2011.04.02"]
[EventType "swiss"]
[EventRounds "9"]
[EventCountry "ITA"]
[SourceTitle "EXT 2012"]
[Source "ChessBase"]
[SourceDate "2011.11.24"]
[SourceVersion "1"]
[SourceVersionDate "2011.11.24"]
[SourceQuality "1"]

1. e4 c5 2. c3 Nf6 3. e5 Nd5 4. d4 cxd4 5. cxd4 d6 6. Nf3 Nc6 7. Bc4 e6 8. 0-0 Be7 9. exd6 Qxd6 10. Nc3 0-0 11. Re1 Rd8 12. Bb3 Nf6 13. Be3 b6 14. a3 Bb7 15. Rc1 Rac8 16. Ba2 Qb8 17. Qe2 Bd6 18. h3 Ne7 19. Bg5 Ng6 20. Ne5 Bxe5 21. dxe5 Nd7 22. Bxd8 Rxd8 23. f3 Ndxe5 24. Rcd1 h6 25. Rxd8+ Qxd8 26. Rd1 Qg5 27. Ne4 Bxe4 28. Qxe4 Nf4 29. g4 Nxh3+ 30. Kg2 Nf4+ 31. Kg3 Nh5+ 32. Kh3 Ng6 33. Qe1 Nhf4+ 34. Kh2 Ne5 35. Qg3 h5 36. Rh1 g6 37. gxh5 Qxh5+ 38. Kg1 0-1